Capitals de comarca de Catalunya amb mapa - Statistics

General Stats
  • This quiz has been taken 352 times
  • The average score is 27 of 42
Answers on the Map
Answers color-coded by a green-red scale on the quiz's map according to % correct below.
 
Answer Stats
Answer % Correct
Barcelona
91%
Mataró
89%
Tarragona
82%
Berga
76%
Girona
76%
Puigcerdà
76%
Lleida
75%
Sant Feliu de Llobregat
75%
La Bisbal d'Empordà
74%
Sabadell i Terrassa
73%
Vilanova i la Geltrú
73%
Banyoles
71%
Moià
71%
Reus
71%
Igualada
69%
Ripoll
68%
Vielha e Mijaran
68%
La Seu d'Urgell
66%
Manresa
66%
Granollers
65%
Amposta
63%
Falset
63%
El Vendrell
62%
Figueres
62%
Les Borges Blanques
62%
Tortosa
61%
Valls
61%
Vilafranca del Penedès
59%
Cervera
58%
Móra d'Ebre
57%
Vic
57%
El Pont de Suert
56%
Gandesa
56%
Santa Coloma de Farners
56%
Sort
56%
Montblanc
53%
Balaguer
52%
Olot
52%
Tremp
51%
Solsona
50%
Mollerussa
48%
Tàrrega
43%
No matching quizzes found
Score Distribution
Percent of People with Each Score
Percentile by Number Answered
Your Score History
You have not taken this quiz